00910cam a22002415a 4500001001000000003000400010005001700014008004100031020001800072040004000090082002100130245010200151260004800253300003200301500002400333504004100357650003500398653002100433700004300454942000800497999001700505952014600522016285098OSt20160309122736.0130220t2013 enka frb 001 0 eng d a9781850972341 aStDuBDSbengcStDuBDSdUkdEG-ScBUE04a617.693222bCON00aControversial issues in implant dentistry /c[edited by] Federico Hernández Alfaro ... [et al.] aSurrey :bQuintessence Publishing,cc.2013. ax, 254 p. :bill. ;c29 cm. aIndex : p. 243-254. aIncludes bibliographical references. 7aDental implants.2BUEsh935980 bDDentcMarch20161 aHernández Alfaro, Federico,eeditor. 2ddc c21350d21322 00102ddc40708Al-Dar AlAaMAINbMAINc1STd2016-03-09ePurchaseg1820.00h583l0o617.693 CONp000031914r2025-07-15 00:00:00v2275.00yBB